Cartas a Guinea-Bissau : apuntes de una experiencia pedagógica en proceso /
Obra que recoge la experiencia de Paulo Freire y su equipo sobre el proceso de alfabetización de adultos que implementaron en Guinea-Bissau, Africa, así como los problemas teóricos que surgieron de ese proceso. Arribaron a dicho lugar por una invitación oficial recibida en 1975 por el gobierno de es...
I tiakina i:
| Kaituhi matua: | |
|---|---|
| Ētahi atu kaituhi: | |
| Hōputu: | Pukapuka |
| Reo: | Pāniora |
| I whakaputaina: |
México : Madrid, España :
Siglo XXI,
1977, c1977
|
| Rangatū: | (Educación Siglo XXI)
|
| Ngā marau: | |
| Ngā Tūtohu: |
Kāore He Tūtohu, Me noho koe te mea tuatahi ki te tūtohu i tēnei pūkete!
|
MARC
| LEADER | 00000nam^a2200000^a^4500 | ||
|---|---|---|---|
| 001 | 000014215 | ||
| 005 | 20250521000000.0 | ||
| 009 | 20260310083931.851 | ||
| 037 | |a Acervo ITESO - Biblioteca | ||
| 041 | |a ESP | ||
| 082 | |a 370. 19 |b FRE OBR CAR | ||
| 100 | |a Freire, Paulo |e (autor) | ||
| 245 | 1 | 0 | |a Cartas a Guinea-Bissau : |b apuntes de una experiencia pedagógica en proceso / |c P. Freire ; tr. por A. Alatorre. |
| 264 | 4 | |a México : |a Madrid, España : |b Siglo XXI, |c 1977, c1977 | |
| 300 | |a 238 p. | ||
| 336 | |a texto |b txt |2 rdacontenido | ||
| 337 | |a sin mediación |b n |2 rdamedio | ||
| 338 | |a volumen |b nc |2 rdasoporte | ||
| 440 | 1 | |a (Educación Siglo XXI) | |
| 500 | |a Traducción de: Cartas a Guiné Bissau. Registros de uma experiencia em processo | ||
| 520 | |a Obra que recoge la experiencia de Paulo Freire y su equipo sobre el proceso de alfabetización de adultos que implementaron en Guinea-Bissau, Africa, así como los problemas teóricos que surgieron de ese proceso. Arribaron a dicho lugar por una invitación oficial recibida en 1975 por el gobierno de ese país. | ||
| 649 | |a XX | ||
| 650 | |a Alfabetización - |z Guinea-Bissau | ||
| 650 | |a Proceso Educativo - |z Guinea-Bissau | ||
| 650 | |a Educación de Adultos - |z Guinea-Bissau - |x Tema Principal | ||
| 650 | |a Educación y Promoción Popular - |z Guinea-Bissau | ||
| 650 | |a Sociología de la Educación | ||
| 700 | |a Alatorre, Antonio |e (traducción) | ||
| 910 | |a Fondo General | ||
| 920 | |a Impresos - Libros | ||
| 930 | |a Colección General | ||
| 905 | |a 101 | ||
| 901 | |a 0142150100 |b IT1 |c ACC |i 014215 |u 20250521 | ||
| 902 | |a https://opac.biblio.iteso.mx/vufind/Record/000014215 | ||